| 000 | 02073nam a22002417a 4500 | ||
|---|---|---|---|
| 003 | Uzh_bibl | ||
| 008 | 260525b |||||||| |||| 00| 0 ukr d | ||
| 020 |
_a978-1-4052-5593-6 _c100.00 |
||
| 040 | _bукр. | ||
| 041 |
_2eng _aeng |
||
| 080 | _a821(410) | ||
| 090 |
_a821(410) _bМ 83 |
||
| 100 | _a Morpurgo, Michael | ||
| 245 |
_aEscape from Shangri-La _hText |
||
| 260 |
_aLondon _bEgmont _c2010 |
||
| 300 | _a206 s. | ||
| 520 | _aA gripping and heartfelt war story from Britain’s best-loved children’s author, Michael Morpurgo. Turned away by his own son, Cessie’s long-lost grandfather finds himself in the place he fears most a nursing home called Shangri-La. Only Cessie loves him and is determined to help him escape and unravel the truth of his past. A past that comes to him only in glimpses a lifeboat, a tin of condensed milk, a terrifying night on the beaches of Dunkirk in World War II.Захоплююча і щира воєнна історія від найулюбленішого британського дитячого автора Майкла Морпурго. Відштовхнутий власним сином, давно загублений дідусь Сесі опиняється в місці, якого найбільше боїться — у будинку для літніх людей під назвою Шангрі-Ла. Тільки Сессі любить його і рішуче налаштована допомогти йому втекти та розкрити правду про його минуле. Минуле, яке приходить до нього лише миттями, рятувальним човном, банкою згущеного молока, страшною ніччю на пляжах Дюнкерка під час Другої світової війни. | ||
| 521 | _aДля підлітків | ||
| 525 | _aДля старшого шкільного віку | ||
| 546 | _aукр. | ||
| 650 | _aЛітературно-художне видання | ||
| 942 |
_2udc _cBK |
||
| 999 |
_c17966 _d17966 |
||